<?xml version="1.0" encoding="UTF-8"?>
<collection xmlns="http://www.loc.gov/MARC21/slim">
<record>
  <controlfield tag="001">88187</controlfield>
  <controlfield tag="005">20210520140803.0</controlfield>
  <datafield tag="037" ind1=" " ind2=" ">
    <subfield code="a">TESIS-2020-046</subfield>
  </datafield>
  <datafield tag="041" ind1=" " ind2=" ">
    <subfield code="a">spa</subfield>
  </datafield>
  <datafield tag="080" ind1=" " ind2=" ">
    <subfield code="a">547</subfield>
  </datafield>
  <datafield tag="100" ind1="1" ind2=" ">
    <subfield code="a">Johnson, Alice</subfield>
  </datafield>
  <datafield tag="245" ind1="0" ind2="0">
    <subfield code="a">Synthesis and Properties of Novel Organogold Complexes: Ylide, Allenyl, N-Heterocyclic Carbene and Propargyl Derivatives</subfield>
  </datafield>
  <datafield tag="260" ind1=" " ind2=" ">
    <subfield code="a">Zaragoza</subfield>
    <subfield code="b">Universidad de Zaragoza, Prensas de la Universidad</subfield>
    <subfield code="c">2018</subfield>
  </datafield>
  <datafield tag="300" ind1=" " ind2=" ">
    <subfield code="a">405</subfield>
  </datafield>
  <datafield tag="490" ind1="0" ind2=" ">
    <subfield code="a">Tesis de la Universidad de Zaragoza</subfield>
    <subfield code="x">2254-7606</subfield>
    <subfield code="v">2020-46</subfield>
  </datafield>
  <datafield tag="500" ind1=" " ind2=" ">
    <subfield code="a">Presentado:  02 02 2018</subfield>
  </datafield>
  <datafield tag="502" ind1=" " ind2=" ">
    <subfield code="a">Tesis-Univ. Zaragoza, Química Orgánica, 2018</subfield>
    <subfield code="b">Zaragoza, Universidad de Zaragoza</subfield>
    <subfield code="c">2018</subfield>
  </datafield>
  <datafield tag="520" ind1=" " ind2=" ">
    <subfield code="a">La investigación presentada en esta tesis doctoral se centra en la síntesis de complejos organometálicos de oro(I) y oro(III) con ligandos iluro de fosforo, alenilo, carbeno N heterocíclico y propargilo y, también, en el estudio de algunas propiedades de los compuestos como la luminiscencia y la actividad biológica.&lt;br />Se describe la síntesis de derivados de oro(I) y de oro(III) a partir de la sal de fosfonio, cloruro de cianometiltrifenilfosfonio. Estos incluyen complejos mononucleares en los que la sal de fosfonio se ha desprotonado una vez para formar el iluro, permitiendo la coordinación a un centro metálico, y complejos polinucleares en los que la sal de fosfonio se desprotona dos veces para dar la unidad ildiuro que puede formar puente entre dos centros metálicos. También se describen complejos heterometálicos en los que hay un centro metálico adicional coordinado al átomo de nitrógeno del grupo nitrilo, que incluyen dos ejemplos con propiedades luminiscentes que exhiben emisiones fosforescentes a 77 K. Varios de los complejos exhiben actividad antiproliferativa en la línea celular de cáncer de pulmón A549.&lt;br />El bromuro de trifenilpropargilfosfonio sufre una isomerización prototrópica al tautómero alenilo en disolución en varios disolventes, sin embargo, no se observa un tautomerismo análogo en las sales de amonio funcionalizadas con propargilo. Se describe la síntesis de complejos de oro con ligandos alenilo sin precedentes derivados del bromuro de trifenilpropargilfosfonio, en el que se observa una regioselectividad que depende del estado de oxidación del oro. En los complejos de oro(I) se observa una coordinación del átomo de carbono α al centro de oro, mientras que en los derivados de oro(III) una coordinación del átomo de carbono γ al centro metálico da lugar a complejos con una quiralidad axial inusual. También se describen derivados de oro(I) de sales de amonio funcionalizadas con propargilo, sin embargo, en estos complejos, la unidad de propargilo se mantiene y la coordinación al centro de oro se produce a través del átomo de carbono alquino terminal. Los complejos resultantes exhiben actividad antiproliferativa en células A549. Los intentos de preparar un derivado de oro(I) de una sal de sulfonio funcionalizada con propargilo produjeron una mezcla de los complejos propargilo y alenilo de oro.&lt;br />Se describe un nuevo método para la síntesis general de complejos de oro(I) con ligandos NHC. La reacción de sales de imidazolio, con diferentes requerimientos estéricos y electrónicos, con derivados de [AuX(tht)] (tht = tetrahidrotiofeno), en presencia de NBu4(acac), al aire y a temperatura ambiente produce el carbeno de oro con buenos rendimientos y tiempos de reacción muy cortos. Una serie de complejos de oro(I) con ligandos NHC funcionalizados con propargilo se han sintetizado mediante este método, que incluyen los derivados [AuBr(NHC)], [Au(NHC)2]Br, [Au(C6F5)(NHC)] y [Au(NHC)(PR3)]BF4, muchos de estos compuestos se han caracterizado por estudios de difracción de rayos-X de monocristal. Todos los complejos muestran actividad antiproliferativa en células A549, siendo los derivados de fosfina los más potentes. Estos complejos son también luminiscentes y exhiben emisiones fosforescentes a temperatura ambiente y a 77 K. Además, se describe la funcionalización de la unidad propargilo de los complejos oro(I)-NHC en la que se preparan complejos di y trinucleares en los que el carbono terminal alquino coordina a un centro metálico de oro adicional mediante reacción con una base, o complejos en los que el NHC está funcionalizado con una unidad triazol mediante una reacción “click”.&lt;br />Se describe la síntesis de complejos de propargilo oro(I) fosfina por dos métodos diferentes. Los complejos se han caracterizado estructuralmente por difracción de rayos-X de monocristal y en todos los casos se observa la coordinación del carbono alquino terminal de la unidad de propargilo al oro. También se describe derivados heterometálicos luminiscentes dinucleares de oro(I) con cobre(I) o plata(I). Los complejos son activos en células A549 con los derivados heterometálicos dinucleares de oro(I) y plata(I) mostrando la mejor actividad antiproliferativa.&lt;br /></subfield>
  </datafield>
  <datafield tag="506" ind1=" " ind2=" ">
    <subfield code="a">all-rights-reserved</subfield>
  </datafield>
  <datafield tag="520" ind1=" " ind2=" ">
    <subfield code="a">&lt;br /></subfield>
  </datafield>
  <datafield tag="521" ind1=" " ind2=" ">
    <subfield code="9">7081</subfield>
    <subfield code="a">Programa de Doctorado en Química Inorgánica</subfield>
  </datafield>
  <datafield tag="653" ind1="1" ind2=" ">
    <subfield code="a">compuestos coordinados</subfield>
  </datafield>
  <datafield tag="653" ind1="1" ind2=" ">
    <subfield code="a">compuestos organometalicos</subfield>
  </datafield>
  <datafield tag="653" ind1="1" ind2=" ">
    <subfield code="a">estructura de los compuestos inorganicos</subfield>
  </datafield>
  <datafield tag="653" ind1="1" ind2=" ">
    <subfield code="a">elementos de transicion</subfield>
  </datafield>
  <datafield tag="700" ind1=" " ind2=" ">
    <subfield code="a">Gimeno Floría, Mª Concepción</subfield>
    <subfield code="e">dir.</subfield>
  </datafield>
  <datafield tag="710" ind1="2" ind2=" ">
    <subfield code="a">Universidad de Zaragoza</subfield>
    <subfield code="b">Química Orgánica</subfield>
  </datafield>
  <datafield tag="830" ind1=" " ind2=" ">
    <subfield code="9">493</subfield>
  </datafield>
  <datafield tag="856" ind1="0" ind2=" ">
    <subfield code="f">tdr@unizar.es</subfield>
  </datafield>
  <datafield tag="856" ind1="4" ind2=" ">
    <subfield code="u">http://zaguan.unizar.es/record/88187/files/TESIS-2020-046.pdf</subfield>
    <subfield code="z">Texto completo (spa)</subfield>
    <subfield code="s">21020403</subfield>
  </datafield>
  <datafield tag="909" ind1="C" ind2="O">
    <subfield code="o">oai:zaguan.unizar.es:88187</subfield>
    <subfield code="p">driver</subfield>
    <subfield code="p">tesis</subfield>
  </datafield>
  <datafield tag="910" ind1="2" ind2=" ">
    <subfield code="a"></subfield>
    <subfield code="b">Química Orgánica</subfield>
  </datafield>
  <datafield tag="980" ind1=" " ind2=" ">
    <subfield code="a">TESIS</subfield>
  </datafield>
</record>
</collection>